000 01172cam a2200313 i 4500
005 20260322212048.0
008 data
010 _a 75329642
020 _a0517524562 :
_c{dollar}6.95
020 _a9780517524565 :
_c{dollar}6.95
040 _aDLC
_cDLC
_dDLC
050 0 0 _aSB407
_b.H292 1975
082 0 0 _a635.9/03
092 _a635.9 H292 1975
100 1 _aHay, Roy.
240 1 0 _aDictionary of garden plants in colour
245 1 4 _aThe color dictionary of flowers and plants for home and garden /
_cRoy Hay & Patrick Millington Synge.
250 _aCompact ed.
260 _aNew York :
_bCrown Publishers,
_c1975, c1969.
300 _a584 p. :
_b2048 col. ill. ;
_c23 cm.
500 _aFirst published under title: The dictionary of garden plants in colour.
650 0 _aPlants, Ornamental
_xPictorial works.
650 0 _aPlants, Ornamental
_xDictionaries.
700 1 _aSynge, Patrick Millington,
_ejoint author.
856 4 2 _3Publisher description
_uhttp://www.loc.gov/catdir/description/random044/75329642.html
906 _a7
_bcbc
_corignew
_d2
_encip
_f19
_gy-gencatlg
991 _bc-GenColl
_hSB407
_i.H292 1975
_p00017607352
_tCopy 1
_wBOOKS
001 data
999 _c1125
_d1125